Posledná romantička

Bibliographic Details
Main Author: Virgala, Jozef (Author)
Format: Article
Language:Slovak
PhysicalDescription:Fotogr.
ISSN:0139-7451
Subjects:

MARC

LEADER 00000nab a2200000 a 4500
001 vtls000744310
003 SK-MaSNL
005 20260302192746.0
008 180205c2001 xo 0 slo
015 |a SNBRB2001/01-03460 
035 |a CLN000096147 
040 |a SNKBUCL  |b slo  |c SNKBUCL  |e AACR2 
041 0 |a slo 
044 |a xo  |c SK 
080 |a 78.071.2:784.66  |2 UDC-MRF-SK2 
080 |a 784.66  |2 UDC-MRF-SK2 
080 |a 929 Spears, Britney  |2 UDC-MRF-SK2 
100 1 |a Virgala, Jozef  |4 aut  |9 841332 
245 1 0 |a Posledná romantička  |c Jozef Virgala 
300 |b Fotogr. 
600 1 7 |a Spears, Britney  |d 1981-  |2 snkbucl  |9 135483 
655 7 |a články z novín a časopisov  |2 snkbucl  |9 267496 
773 0 |x 0139-7451  |t Eurotelevízia  |g Roč. 11, č. 1 (2001), s. 17 
850 |a Slovenská národná knižnica v Martine 
852 |a SNK  |b KIS3GCP 
958 |a RBX 
999 |c 1441985  |d 1443915